NASA - Man on the moon - Statistics

General Stats
  • This quiz has been taken 299 times
  • The average score is 6 of 12
Answer Stats
Mission Year Name % Correct
Apollo 11 1969 Neil Armstrong
100%
Apollo 11 1969 Buzz Aldrin
93%
Apollo 14 1971 Alan Shepard
54%
Apollo 17 1972 Eugene Cernan
51%
Apollo 12 1969 Charles Conrad
43%
Apollo 16 1972 John Young
43%
Apollo 12 1969 Alan Bean
38%
Apollo 17 1972 Harrison Schmitt
38%
Apollo 15 1971 David Scott
37%
Apollo 16 1972 Charles Duke
35%
Apollo 14 1971 Edgar Mitchell
30%
Apollo 15 1971 James Irwin
29%
No matching quizzes found
Score Distribution
Percent of People with Each Score
Percentile by Number Answered
Your Score History
You have not taken this quiz